| 000 | 00632nam a2200193 a 4500 | ||
|---|---|---|---|
| 001 | 000042923 | ||
| 005 | 20201002040512.0 | ||
| 008 | 140213s1993 sp a 000 0 spa d | ||
| 020 | _a8476510764 | ||
| 040 |
_aDO-SdBNP _bspa _cBNPHU |
||
| 082 |
_axxx _bR988c |
||
| 100 | 1 |
_aRyan, Marah Ellis, _d1866-1934. _970387 |
|
| 245 | 1 | 0 |
_aCartas de Amor de un Joven Indio / _cMarah Ellis Ryan ; prólogo y traducción de Carmen Bravo-Villasante. |
| 260 |
_aBarcelona, _c1993. |
||
| 300 |
_a109 p : _bil., ; _c20 cm. |
||
| 490 | 1 |
_aHesperus _v45 |
|
| 700 | 1 | 2 |
_aBravo-Villasante, Carmen _d1918-1994 _epról. _970388 |
| 830 | 0 |
_aHesperus _n45 _970389 |
|
| 999 |
_c42412 _d42412 |
||